Probable environmental impacts from the cessation of pumping minewater: an overview (Record no. 1161)

MARC details
000 -LEADER
fixed length control field 00953cab a2200217 4500
001 - CONTROL NUMBER
control field ABS53091
008 - FIXED-LENGTH DATA ELEMENTS--GENERAL INFORMATION
fixed length control field 090401t1995 xxu||||| |||| 00| 0 eng d
035 ## - SYSTEM CONTROL NUMBER
System control number (Sirsi) u1969
041 ## - LANGUAGE CODE
Language code of text/sound track or separate title eng
100 ## - MAIN ENTRY--PERSONAL NAME
Personal name Ellison, J.M.
245 ## - TITLE STATEMENT
Title Probable environmental impacts from the cessation of pumping minewater: an overview
260 ## - PUBLICATION, DISTRIBUTION, ETC.
Date of publication, distribution, etc. 1995
350 ## - PRICE (NR) (BK AM CF MU VM SE) [OBSOLETE]
Price 0
490 ## - SERIES STATEMENT
Series statement Environmental Policy and Practice
Volume/sequential designation 5(1) May 1995, 29-33(5)
520 ## - SUMMARY, ETC.
Summary, etc. It was anticipated that the coalfield closure programme would pose serious threats to the environment and public health through the cessation of minewater pumping operations. Considers the situation in the Tyne and Wear area and the work of the National Rivers Authority. Identifies the means of predicting more accurately the current state of the underground environment.
650 ## - SUBJECT ADDED ENTRY--TOPICAL TERM
Topical term or geographic name entry element MINEWATER POLLUTION
650 ## - SUBJECT ADDED ENTRY--TOPICAL TERM
Topical term or geographic name entry element POLLUTION
690 ## - LOCAL SUBJECT ADDED ENTRY--TOPICAL TERM (OCLC, RLIN)
Topical term or geographic name as entry element MINING AND MINERALS
942 ## - ADDED ENTRY ELEMENTS (KOHA)
Suppress in OPAC 0
948 ## - LOCAL PROCESSING INFORMATION (OCLC); SERIES PART DESIGNATOR (RLIN)
c (OCLC) 04/03/1997
Holdings
Withdrawn status Lost status Source of classification or shelving scheme Damaged status Not for loan Home library Current library Shelving location Date acquired Total Checkouts Full call number Barcode Date last seen Copy number Price effective from Koha item type
    Dewey Decimal Classification     London London Journal article 14/09/1999   ABS53091 1969-1001 06/08/2019 1 06/08/2019 Journal article